Statistiques concernant Personnalités nées dans les Deux-Sèvres par images

Cliquez ici pour prendre le quiz!

Statistiques générales

  • Ce quiz a été pris 22 fois
  • Le résultat moyen est 2 sur 12

Statistiques - réponses

Réponse% Correct
Philippe Katerine
100%
Jean-Hugues Anglade
35%
Benzaie
20%
Henri-Georges Clouzot
15%
Patrick Roy
15%
Catherine Breillat
10%
Didi Chandouidoui
10%
Aristide Denfert-Rochereau
5%
Jean Cavaillès
5%
Madame de Maintenon
5%
Mathias Énard
5%
Richard Texier
0%

Distribution des résultats

Percentile par nombre de réponses

% des personnes avec chaque résultat

Votre développement - résultats

Vous n’avez pas pris ce quiz